[Event "Foment Martinenc op-A 17th"]
[Site "Barcelona"]
[Date "2015.04.25"]
[Round "1"]
[White "Guevara Pijoan, Josep"]
[Black "Rodriguez Llorens, Jorge"]
[Result "1-0"]
[WhiteElo "2143"]
[BlackElo "1767"]
[PlyCount "61"]
[EventDate "2015.04.25"]
[EventType "swiss"]
[EventRounds "9"]
[EventCountry "ESP"]
[SourceTitle "EXT 2017"]
[Source "ChessBase"]
[SourceDate "2016.10.25"]
[SourceVersion "1"]
[SourceVersionDate "2016.10.25"]
[SourceQuality "1"]

1. Nf3 Nf6 2. d4 g6 3. c4 c5 4. Nc3 Bg7 5. g3 0-0 6. Bg2 cxd4 7. Nxd4 d6 8. 0-0 Nbd7 9. b3 Nc5 10. Bb2 Rb8 11. Qd2 a6 12. Rfd1 Bd7 13. Rac1 Qc8 14. Nd5 Nxd5 15. cxd5 Qd8 16. b4 Na4 17. Nc6 bxc6 18. Bxg7 Kxg7 19. dxc6 Bxc6 20. Rxc6 Nb6 21. Qd3 Nd7 22. Rxa6 Ne5 23. Qd4 Kg8 24. f4 Qc8 25. Ra7 Nd7 26. a4 Nf6 27. Rxe7 Qc2 28. Ra1 Ng4 29. Bf3 Nh6 30. g4 f5 31. Qg7# 1-0

[Event "Barcelona Sant Marti op-B 16th"]
[Site "Barcelona"]
[Date "2014.07.20"]
[Round "8"]
[White "Rodriguez Llorens, Jorge"]
[Black "Baltasar Diaz, Vicente"]
[Result "1-0"]
[WhiteElo "2059"]
[BlackElo "1932"]
[PlyCount "97"]
[EventDate "2014.07.13"]
[EventType "swiss"]
[EventRounds "9"]
[EventCountry "ESP"]
[SourceTitle "CBM 161 Extra"]
[Source "ChessBase"]
[SourceDate "2014.08.29"]
[SourceVersion "1"]
[SourceVersionDate "2014.08.29"]
[SourceQuality "1"]

1. e4 e6 2. d4 d5 3. Nd2 Nf6 4. e5 Nfd7 5. Bd3 c5 6. c3 Nc6 7. Ngf3 Qb6 8. 0-0 cxd4 9. cxd4 Nxd4 10. Nxd4 Qxd4 11. Nf3 Qb6 12. Qa4 Qc6 13. Qg4 Nc5 14. Bb1 Qa4 15. Nd4 Nd7 16. b3 Qb4 17. Qf4 Qc3 18. Bd2 Qxa1 19. Nxe6 Qxe5 20. Nc7+ Kd8 21. Nxa8 Qxf4 22. Bxf4 g5 23. Bc7+ Ke7 24. Re1+ Kf6 25. Ba5 Bd6 26. Nc7 d4 27. Ne8+ Rxe8 28. Rxe8 b6 29. Rxc8 bxa5 30. Bxh7 Ne5 31. Kf1 d3 32. Rd8 Ke7 33. Ra8 Bc5 34. Ke1 Bb4+ 35. Kd1 Ng4 36. Rxa7+ Kf6 37. Bxd3 Nxf2+ 38. Ke2 Ng4 39. Ra6+ Ke5 40. a3 Bc3 41. b4 axb4 42. axb4 Nf6 43. b5 Nd7 44. b6 Bb4 45. b7 Bd6 46. Ra5+ Ke6 47. Bf5+ Ke7 48. Bxd7 Kxd7 49. Ra8 1-0

[Event "Barcelona Sant Marti op-B 16th"]
[Site "Barcelona"]
[Date "2014.07.19"]
[Round "7"]
[White "Febrero Perez, Lluis"]
[Black "Rodriguez Llorens, Jorge"]
[Result "0-1"]
[WhiteElo "1887"]
[BlackElo "2059"]
[PlyCount "88"]
[EventDate "2014.07.13"]
[EventType "swiss"]
[EventRounds "9"]
[EventCountry "ESP"]
[SourceTitle "CBM 161 Extra"]
[Source "ChessBase"]
[SourceDate "2014.08.29"]
[SourceVersion "1"]
[SourceVersionDate "2014.08.29"]
[SourceQuality "1"]

1. e4 c5 2. Nf3 d6 3. Bb5+ Nc6 4. 0-0 Bd7 5. d4 cxd4 6. Nxd4 Nf6 7. Nxc6 bxc6 8. Bd3 e5 9. c4 Be7 10. b3 0-0 11. Nc3 a5 12. f4 Qb6+ 13. Kh1 Ng4 14. Qe1 exf4 15. Bxf4 Bf6 16. Bxd6 Rfe8 17. c5 Qb4 18. Rc1 Bg5 19. Rb1 Ne5 20. Qg3 Qxc3 21. Qxg5 h6 22. Qf4 f6 23. Be2 Ng6 24. Qf2 Rxe4 25. Rfc1 Qe3 26. Bc4+ Kh7 27. Qc2 Rae8 28. Rf1 Be6 29. Bd3 Bd5 30. Rf3 Qd4 31. Rbf1 Kh8 32. R3f2 Nh4 33. Qd2 Re2 34. Qf4 Qxf4 35. Bxf4 Rxf2 36. Rxf2 Re1+ 37. Bf1 Nxg2 38. Kg1 Nxf4 39. Rxf4 Rc1 40. b4 axb4 41. Rxb4 Kg8 42. Rb8+ Kf7 43. Rb7+ Ke6 44. Rxg7 Bc4 0-1

[Event "Barcelona Sant Marti op-B 16th"]
[Site "Barcelona"]
[Date "2014.07.18"]
[Round "6"]
[White "Rodriguez Llorens, Jorge"]
[Black "Volart Buil, Jordi"]
[Result "0-1"]
[WhiteElo "2059"]
[BlackElo "1943"]
[PlyCount "102"]
[EventDate "2014.07.13"]
[EventType "swiss"]
[EventRounds "9"]
[EventCountry "ESP"]
[SourceTitle "CBM 161 Extra"]
[Source "ChessBase"]
[SourceDate "2014.08.29"]
[SourceVersion "1"]
[SourceVersionDate "2014.08.29"]
[SourceQuality "1"]

1. e4 c5 2. Nf3 b6 3. d4 cxd4 4. Nxd4 Bb7 5. Nc3 a6 6. Bg5 Qc7 7. Nd5 Bxd5 8. exd5 Qe5+ 9. Be3 Qxd5 10. Be2 e5 11. Nf5 Qe6 12. Ng3 f5 13. f4 e4 14. Qd2 Nf6 15. b3 Bc5 16. Bxc5 bxc5 17. Bc4 d5 18. 0-0-0 g6 19. Bxd5 Nxd5 20. Qxd5 Qxd5 21. Rxd5 Nd7 22. Rhd1 Ra7 23. Rd6 Ke7 24. h4 Rf8 25. h5 Rf6 26. R6d5 Rc7 27. hxg6 hxg6 28. Nf1 Nb6 29. Ne3 Re6 30. R5d2 Rd7 31. Rxd7+ Nxd7 32. Nd5+ Kd8 33. c4 Kc8 34. Kd2 Nf6 35. Nxf6 Rxf6 36. Ke3 Kc7 37. g4 Rd6 38. Rh1 Rd3+ 39. Ke2 Rf3 40. gxf5 gxf5 41. Rh6 Rxf4 42. Rxa6 Rh4 43. Ke3 Rh3+ 44. Kf4 Rf3+ 45. Ke5 e3 46. Kd5 Rf4 47. Ra7+ Kb6 48. Rh7 e2 49. Rh6+ Ka5 50. Kxc5 e1Q 51. b4+ Qxb4+ 0-1

[Event "Barcelona Torxa op 4th"]
[Site "Barcelona"]
[Date "2011.09.08"]
[Round "6.3"]
[White "Albert Estebanez, Alex"]
[Black "Rodriguez Llorens, Jorge"]
[Result "1/2-1/2"]
[WhiteElo "1840"]
[BlackElo "1820"]
[PlyCount "117"]
[EventDate "2011.09.01"]
[EventType "swiss"]
[EventRounds "7"]
[EventCountry "ESP"]
[SourceTitle "EXT 2024"]
[Source "ChessBase"]
[SourceDate "2023.10.10"]
[SourceVersion "1"]
[SourceVersionDate "2023.10.10"]
[SourceQuality "1"]

1. e4 d5 2. exd5 Qxd5 3. Nc3 Qd6 4. d4 Nf6 5. Nf3 a6 6. h3 Nc6 7. Be3 b5 8. a3 e6 9. Bd3 Bb7 10. Ne4 Nxe4 11. Bxe4 Be7 12. Ne5 Rd8 13. Qh5 Nxe5 14. dxe5 Qd7 15. Bxb7 c6 16. Bxa6 Qc7 17. Qf3 Qa5+ 18. c3 Qxa6 19. 0-0 0-0 20. Qg4 Rfe8 21. Rfd1 Rd5 22. Rxd5 cxd5 23. Qe2 Qb7 24. Qc2 Rc8 25. Qb3 Rb8 26. a4 Qa6 27. Ra2 b4 28. a5 Rb5 29. Qa4 g6 30. Bh6 bxc3 31. bxc3 Rb1+ 32. Kh2 Rb8 33. Qd7 Bf8 34. Bxf8 Rxf8 35. Qc7 Rc8 36. Qb6 Qxb6 37. axb6 Rb8 38. Rb2 Kf8 39. Kg3 Ke7 40. Kf4 h6 41. Ke3 Kd7 42. Kd4 Kc6 43. b7 Rxb7 44. Rxb7 Kxb7 45. Kc5 Kc7 46. f3 Kd7 47. g3 g5 48. g4 Ke7 49. Kc6 f6 50. exf6+ Kxf6 51. Kd6 Kf7 52. Ke5 Ke7 53. f4 gxf4 54. Kxf4 Kf6 55. h4 e5+ 56. Ke3 Kg6 57. Kf3 Kf6 58. Ke3 Kg6 59. Kf3 1/2-1/2